TOP 100 most valuable footbalclubs - Statistics

General Stats
  • This quiz has been taken 114 times
    30 since last reset
  • The average score is 72 of 100
Answer Stats
Competition Euro Answer % Correct
3 Premier League 1,23 mld Arsenal
100%
13 La Liga 587,00 m Atletico Madrid
100%
6 Premier League 1,16 mld Chelsea
100%
12 Serie A 668,90 m Inter
100%
7 Premier League 1,02 mld Liverpool
100%
2 Premier League 1,31 mld Manchester City
100%
10 Premier League 754,15 m Manchester United
100%
11 Premier League 708,25 m Newcastle United
100%
4 Ligue 1 1,2 mld PSG
100%
1 La Liga 1,34 mld Real Madrid
100%
5 La Liga 1,17 mld Barcelona
96%
8 Bundesliga 965,95 mln Bayern Munich
96%
19 Bundesliga 494,42 m Borussia Dortmund
96%
25 Premier League 450,35 m Everton
96%
15 Serie A 560,21 m Juventus
96%
14 Premier League 568,00 m Nottingham Forest
96%
27 Liga Portugal 426,91 m Porto
96%
9 Premier League 802,5 m Tottenham Hotspur
96%
67 Eredivisie 187,15 m Ajax
92%
36 Liga Portugal 364,01 m Benfica
92%
21 Serie A 493,45 m Milan
92%
24 Liga Portugal 464,50 m Sporting
92%
37 Premier League 362,65 m West Ham United
92%
47 Premier League 277,72 m Wolverhampton Wanderers
92%
16 Premier League 547,47 m Aston Villa
88%
20 Premier League 494,01 m Brighton
88%
58 Serie A 223,25 m Lazio
88%
30 Ligue 1 400,00 m Olympique Marseille
88%
44 Eredivisie 283,60 m PSV
88%
29 Serie A 418,00 m Roma
88%
40 Super Lig 344,75 m Galatasaray
84%
39 Premier League 346,03 m Leeds United
84%
89 Championship 145,19 m Leicester City
84%
54 Ligue 1 236,30 m Lille
84%
28 Serie A 422,80 m Napoli
84%
46 La Liga 280,00 m Athletic Bilbao
80%
17 Premier League 541,05 m Crystal Palace
80%
61 Eredivisie 214,94 m Feyenoord
80%
90 La Liga 140,40 m Sevilla
80%
81 Championship 157,19 m Southampton
80%
35 Premier League 381,95 m Sunderland
80%
55 Bundesliga 234,64 m Wolfsburg
80%
86 Bundesliga 149,13 m Borussia Monchengladbach
76%
18 Premier League 507,10 m Bournemouth
76%
23 Premier League 470,42 m Brentford
76%
49 Premier League 252,62 m Burnley
76%
31 Bundesliga 388,55 m Eintracht Frankfurt
76%
32 Premier League 386,92 m Fulham
76%
38 Ligue 1 358,02 m Monaco
76%
33 Serie A 386,10 m Atalanta
72%
26 Bundesliga 449,75 m Bayer Leverkusen
72%
73 Bundesliga 168,48 m Hamburger SV
72%
34 Bundesliga 383,10 m Stuttgart
72%
70 Bundesliga 175,71 m Werder Bremen
72%
62 Saudi Pro League 199,39 m Al-Hilal
68%
98 Saudi Pro League 133,29 m Al-Nassr
68%
68 Super Lig 185,84 m Besiktas
68%
82 Liga Portugal 155,90 m Braga
68%
41 Serie A 313,20 m Como
68%
52 Serie A 247,45 m Fiorentina
68%
22 Bundesliga 471,55 m Leipzig
68%
87 Ligue 1 147,00 m Nice
68%
50 La Liga 248,80 m Real Betis
68%
78 La Liga 163,60 m Valencia
68%
53 Bundesliga 246,10 m Hoffenheim
64%
95 Bundesliga 136,53 m Koln
64%
91 Bundesliga 138,70 m Mainz
64%
43 La Liga 286,32 m Villarreal
64%
45 Serie A 282,07 m Bologna
60%
88 Premiership 145,24 m Celtic
60%
56 Jupiler Pro League 232,56 m Club Brugge
60%
51 Super Lig 247,81 m Fenerbahce
60%
65 Bundesliga 191,99 m Freiburg
60%
97 Serie A 134,47 m Genoa
60%
100 Bundesliga Austria 130,40 m Salzburg
60%
96 Serie A 135,50 m Torino
60%
77 Saudi Pro League 164,44 m Al-Ittihad
56%
71 La Liga 172,84 m Celta Vigo
56%
60 Brazilian Serie A 219,04 m Flamengo
56%
48 La Liga 272,70 m Real Sociedad
56%
80 Bundesliga 159,18 m Augsburg
52%
84 Brazilian Serie A 154,62 m Corinthians
52%
64 Championship 193,82 m Coventry City
52%
92 Jupiler Pro League 138,65 m Genk
52%
85 La Liga 153,19 m Girona
52%
63 Championship 198,57 m Ipswich Town
52%
83 Serie A 154,81 m Parma
52%
79 Serie A 162,95 m Sassuolo
52%
94 Serie A 137,55 m Udinese
52%
75 Eredivisie 165,32 m AZ
48%
99 Championship 132,38 m Sheffield United
48%
42 Ligue 1 293,71 m Strasbourg
48%
59 Brazilian Serie A 223,00 m Palmeiras
40%
76 Premier Liga Ukrain 165,20 m Shakhtar Donetsk
40%
57 Ligue 1 224,89 m Olympique Lyon
36%
72 Saudi Pro League 170,58 m Al-Ahli
32%
93 Super League 1 137,59 m Olympiakos
32%
69 Premjer Liga 184,58 m Zenit
32%
74 Brazilian Serie A 166,65 m Cruzeiro
24%
66 Ligue 1 190,03 m Stade Rennes
8%
No matching quizzes found
Score Distribution
Percent of People with Each Score
Percentile by Number Answered
Your Score History
You have not taken this quiz since the last reset